000 00809nam a22002417a 4500
999 _c21161
_d21161
003 AR-CdUCM
008 190517b ||||| |||| 00| 0 spa d
020 _a9786120032251
040 _aMUNICIPALIDAD PROVINCIAL DEL CUSCO
_cBIBLIOTECA MUNICIPAL DEL CUSCO
082 _a306.6 / P29
_bP29
100 _aPauccar Calcina, Nicolás
_944201
245 _aLa última montaña /
_cNicolás Pauccar Calcina
260 _aCusco :
_bKausay Pacha,
_c2018.
300 _a300 páginas ;
_c20x13 cm.
505 _aContenido: La ultima montaña el recorrido de un guardián de la tierra.
650 _aReligiosidad andina
_944127
650 _aDeidades andinas
_944128
650 _aMitos y leyendas
_94206
650 _aNación Q´ero
_944202
650 _aCusco Perú
_944203
942 _2ddc
_cLIBROS
945 _aRoel